000 00437nam a22001817a 4500
003 MPLRDC
005 20220104114622.0
008 210129b ||||| |||| 00| 0 eng d
020 _a9971-63-659-9
082 _a856.9 WWC
100 _a吴韦材
245 _a泥土手记
_c
250 _a初版
260 _a
_b泛太平洋出版有限公司
_c1990
300 _b
650 _a函牍及杂著--杂项
942 _cBK
_o856.9 WWC
999 _c8887
_d8877